<?xml version="1.0" encoding="UTF-8"?>
<record
    xmlns:xsi="http://www.w3.org/2001/XMLSchema-instance"
    xsi:schemaLocation="http://www.loc.gov/MARC21/slim http://www.loc.gov/standards/marcxml/schema/MARC21slim.xsd"
    xmlns="http://www.loc.gov/MARC21/slim">

  <leader>01839nam a22005897a 4500</leader>
  <controlfield tag="005">20231113160240.0</controlfield>
  <controlfield tag="008">190924b2018    xxu||||| |||| 00| 0 spa d</controlfield>
  <datafield tag="020" ind1=" " ind2=" ">
    <subfield code="a">9789587416640</subfield>
  </datafield>
  <datafield tag="041" ind1=" " ind2=" ">
    <subfield code="a">ESP</subfield>
  </datafield>
  <datafield tag="082" ind1=" " ind2=" ">
    <subfield code="a">657 M539c</subfield>
  </datafield>
  <datafield tag="100" ind1=" " ind2=" ">
    <subfield code="a">Mendoza Roca, Calixto</subfield>
    <subfield code="9">67361</subfield>
  </datafield>
  <datafield tag="100" ind1=" " ind2=" ">
    <subfield code="a">Ortiz Tovar, Olson</subfield>
    <subfield code="9">67362</subfield>
  </datafield>
  <datafield tag="245" ind1=" " ind2=" ">
    <subfield code="a">Contabilidad financiera para contadur&#xED;a y administraci&#xF3;n</subfield>
  </datafield>
  <datafield tag="260" ind1=" " ind2=" ">
    <subfield code="a">Colombia</subfield>
  </datafield>
  <datafield tag="260" ind1=" " ind2=" ">
    <subfield code="b">Ecoe Ediciones</subfield>
  </datafield>
  <datafield tag="260" ind1=" " ind2=" ">
    <subfield code="c">2018</subfield>
  </datafield>
  <datafield tag="300" ind1=" " ind2=" ">
    <subfield code="a">592 p&#xE1;ginas</subfield>
  </datafield>
  <datafield tag="650" ind1=" " ind2=" ">
    <subfield code="a">CONTABILIDAD FINANCIERA</subfield>
    <subfield code="9">67363</subfield>
  </datafield>
  <datafield tag="650" ind1=" " ind2=" ">
    <subfield code="a">EVOLUCI&#xD3;N HIST&#xD3;RICA</subfield>
    <subfield code="9">67364</subfield>
  </datafield>
  <datafield tag="650" ind1=" " ind2=" ">
    <subfield code="a">ANTECEDENTES HIST&#xD3;RICOS</subfield>
    <subfield code="9">67365</subfield>
  </datafield>
  <datafield tag="650" ind1=" " ind2=" ">
    <subfield code="a">PRINCIPIOS CONTABLES</subfield>
    <subfield code="9">67366</subfield>
  </datafield>
  <datafield tag="650" ind1=" " ind2=" ">
    <subfield code="a">INFORMACI&#xD3;N FINANCIERA</subfield>
    <subfield code="9">67367</subfield>
  </datafield>
  <datafield tag="650" ind1=" " ind2=" ">
    <subfield code="a">EST&#xC1;NDARES INTERNACIONALES</subfield>
    <subfield code="9">67368</subfield>
  </datafield>
  <datafield tag="650" ind1=" " ind2=" ">
    <subfield code="a">NORMAS INTERNACIONALES DE CONTABILIDAD</subfield>
    <subfield code="9">67369</subfield>
  </datafield>
  <datafield tag="650" ind1=" " ind2=" ">
    <subfield code="a">NIIF EN AM&#xC9;RICA LATINA</subfield>
    <subfield code="9">67370</subfield>
  </datafield>
  <datafield tag="650" ind1=" " ind2=" ">
    <subfield code="a">PYMES</subfield>
    <subfield code="9">67371</subfield>
  </datafield>
  <datafield tag="650" ind1=" " ind2=" ">
    <subfield code="a">ECUACI&#xD3;N DE CONTABILIDAD</subfield>
    <subfield code="9">67372</subfield>
  </datafield>
  <datafield tag="650" ind1=" " ind2=" ">
    <subfield code="a">ESTADOS FINANCIEROS</subfield>
    <subfield code="9">67373</subfield>
  </datafield>
  <datafield tag="650" ind1=" " ind2=" ">
    <subfield code="a">CUENTAS CONTABLES</subfield>
    <subfield code="9">67374</subfield>
  </datafield>
  <datafield tag="650" ind1=" " ind2=" ">
    <subfield code="a">LIBROS DE CONTABILIDAD</subfield>
    <subfield code="9">67375</subfield>
  </datafield>
  <datafield tag="650" ind1=" " ind2=" ">
    <subfield code="a">NORMATIVA INTERNACIONAL</subfield>
    <subfield code="9">67376</subfield>
  </datafield>
  <datafield tag="650" ind1=" " ind2=" ">
    <subfield code="a">INGRESOS</subfield>
    <subfield code="9">67377</subfield>
  </datafield>
  <datafield tag="650" ind1=" " ind2=" ">
    <subfield code="a">GASTOS</subfield>
    <subfield code="9">67378</subfield>
  </datafield>
  <datafield tag="650" ind1=" " ind2=" ">
    <subfield code="a">ACTIVOS CORRIENTES</subfield>
    <subfield code="9">67379</subfield>
  </datafield>
  <datafield tag="650" ind1=" " ind2=" ">
    <subfield code="a">CUENTAS POR COBRAR</subfield>
    <subfield code="9">67380</subfield>
  </datafield>
  <datafield tag="650" ind1=" " ind2=" ">
    <subfield code="a">INVENTARIO DE MERCANC&#xCD;AS</subfield>
    <subfield code="9">67381</subfield>
  </datafield>
  <datafield tag="650" ind1=" " ind2=" ">
    <subfield code="a">ACTIVOS NO CORRIENTES</subfield>
    <subfield code="9">67382</subfield>
  </datafield>
  <datafield tag="650" ind1=" " ind2=" ">
    <subfield code="a">ACTIVOS FIJOS</subfield>
    <subfield code="9">67383</subfield>
  </datafield>
  <datafield tag="650" ind1=" " ind2="0">
    <subfield code="a">DEPRECIACI&#xD3;N</subfield>
    <subfield code="9">2046</subfield>
  </datafield>
  <datafield tag="650" ind1=" " ind2=" ">
    <subfield code="a">ACTIVOS INTANGIBLES</subfield>
    <subfield code="9">67385</subfield>
  </datafield>
  <datafield tag="650" ind1=" " ind2=" ">
    <subfield code="a">ACTIVOS DIFERIDOS</subfield>
    <subfield code="9">67386</subfield>
  </datafield>
  <datafield tag="650" ind1=" " ind2=" ">
    <subfield code="a">PASIVOS</subfield>
    <subfield code="9">67387</subfield>
  </datafield>
  <datafield tag="650" ind1=" " ind2=" ">
    <subfield code="a">PATRIMONIO</subfield>
    <subfield code="9">67388</subfield>
  </datafield>
  <datafield tag="650" ind1=" " ind2=" ">
    <subfield code="a">RESERVAS</subfield>
    <subfield code="9">67389</subfield>
  </datafield>
  <datafield tag="650" ind1=" " ind2=" ">
    <subfield code="a">DIVIDENDOS</subfield>
    <subfield code="9">67390</subfield>
  </datafield>
  <datafield tag="650" ind1=" " ind2=" ">
    <subfield code="a">UTILIDADES</subfield>
    <subfield code="9">67391</subfield>
  </datafield>
  <datafield tag="650" ind1=" " ind2=" ">
    <subfield code="a">P&#xC9;RDIDAS</subfield>
    <subfield code="9">67392</subfield>
  </datafield>
  <datafield tag="650" ind1=" " ind2=" ">
    <subfield code="a">SUPER&#xC1;VIT</subfield>
    <subfield code="9">67393</subfield>
  </datafield>
  <datafield tag="650" ind1=" " ind2=" ">
    <subfield code="a">AN&#xC1;LISIS FINANCIERO</subfield>
    <subfield code="9">67394</subfield>
  </datafield>
  <datafield tag="692" ind1=" " ind2=" ">
    <subfield code="C">DAE</subfield>
  </datafield>
  <datafield tag="942" ind1=" " ind2=" ">
    <subfield code="c">BK</subfield>
  </datafield>
  <datafield tag="999" ind1=" " ind2=" ">
    <subfield code="c">12360</subfield>
    <subfield code="d">12360</subfield>
  </datafield>
  <datafield tag="952" ind1=" " ind2=" ">
    <subfield code="1">0</subfield>
    <subfield code="4">0</subfield>
    <subfield code="7">0</subfield>
    <subfield code="a">BACB</subfield>
    <subfield code="b">BACB</subfield>
    <subfield code="o">657 M539c</subfield>
    <subfield code="p">24632</subfield>
    <subfield code="w">2019-09-24</subfield>
    <subfield code="x">DAE</subfield>
    <subfield code="y">BK</subfield>
  </datafield>
</record>
